000 01899nam a2200397 a 4500
001 000083261
005 20200120224810.0
008 170802s2016 ck ||||er |000 ||spa d
020 _a9788415979128
020 _a9788415979128
043 _aa-ja---
043 _as-ck---
045 _aa-ja---
082 0 4 _221
090 _aAN
_bNATk
100 1 _aNatsume, Sōseki
_d1867-1916
245 1 0 _aKokoro :
_bNatsume Sōseki ; traducción del japonés: Yoko Ogihara, Fernando Cordobés ; introducción : Fernando Cordobés.
250 _a1a. ed.
260 _aBogotá :
_bSiglo del Hombre,
_c2016.
300 _a296 páginas.
500 _aNatsume Sōseki es el seudónimo literario de Natsume Kinnosuke
502 _aTesis
520 3 _a"Narra la historia de una amistad sutil y conmovedora entre dos personajes sin nombre, un joven y un enigmático anciano al que conocemos como «Sensei». Atormentado por trágicos secretos que han proyectado una larga sombra sobre su vida, Sensei se abre lentamente a su joven discípulo, confesando indiscreciones de sus días de estudiante que han dejado en él un rastro de culpa, y que revelan, en el abismo aparentemente insalvable de su angustia moral y su lucha por entender los misterios del amor y el destino, el profundo cambio cultural de una generación a la siguiente que caracterizó el Japón de principios del siglo XX."
521 _aRecomendado para adultos
534 _tTítulo original: Recomendado para adultos
650 1 4 _aNovela japonesa
650 2 4 _aLiteratura japonesa
650 2 4 _aJóvenes en la literatura
650 2 4 _aAncianos en la literatura
650 2 4 _aAmistad en la literatura
650 2 4 _aSoledad en la literatura
650 2 4 _aEmociones en la literatura
650 2 4 _aVida cotidiana en la literatura
700 1 _aOgihara, Yoko
700 1 _aCordobés, Fernando
_etraductor
_eintroducción
999 _c11134
_d11134